[Event "7eme open international de La Fere"]
[Site "La Fere (FRA)"]
[Date "2008.07.10"]
[Round "7.28"]
[White "Ilan, Liad"]
[Black "Rachenne, Romain"]
[Result "1-0"]
[WhiteElo "2013"]
[BlackElo "1736"]
[PlyCount "99"]
[EventDate "2008.??.??"]

1. e4 e6 2. d4 d5 3. Nd2 c5 4. Ngf3 Nc6 5. Bb5 Bd7 6. exd5 exd5 7. Qe2+ Qe7 8.
O-O Qxe2 9. Bxe2 Nf6 10. Re1 Be6 11. dxc5 Bxc5 12. Nb3 Bb6 13. Bd3 O-O 14. c3
Rad8 15. Be3 Bxe3 16. Rxe3 Bg4 17. Nfd4 Rfe8 18. Rae1 Rxe3 19. Rxe3 Re8 20.
Rxe8+ Nxe8 21. f3 Bh5 22. Bb5 Nxd4 23. Nxd4 Nd6 24. Bd3 Bg6 25. Bc2 Nc4 26. b3
Bxc2 27. Nxc2 Nb6 28. Kf2 f6 29. Ke3 Kf7 30. Kd4 Ke6 31. Ne3 a6 32. a4 a5 33.
Kc5 Nd7+ 34. Kb5 b6 35. Kc6 Nc5 36. Nxd5 Nxb3 37. Nxb6 h5 38. Nc4 g5 39. Kb5
Kd5 40. Nxa5 Nxa5 41. Kxa5 Kc5 42. g3 g4 43. f4 f5 44. c4 Kxc4 45. Kb6 Kd3 46.
a5 Ke3 47. a6 Kf2 48. a7 Kg2 49. a8=Q+ Kxh2 50. Qa3 1-0

[Event "7eme open international de La Fere"]
[Site "La Fere (FRA)"]
[Date "2008.07.10"]
[Round "7.24"]
[White "Cappon, John"]
[Black "Laufer, Maurice"]
[Result "1-0"]
[WhiteElo "2221"]
[BlackElo "1521"]
[PlyCount "67"]
[EventDate "2008.??.??"]

1. e4 Nf6 2. e5 Nd5 3. d4 d6 4. Nf3 dxe5 5. Nxe5 g6 6. Bc4 c6 7. O-O Bg7 8. Bb3
O-O 9. c4 Nc7 10. f4 Bf5 11. Nc3 Nd7 12. Be3 Nf6 13. Qf3 Nce8 14. Rfe1 Nd7 15.
Rad1 Nef6 16. h3 Qc7 17. g4 Nxe5 18. dxe5 Nxg4 19. hxg4 Bc8 20. c5 Rb8 21. Ne4
Kh8 22. Ng5 e6 23. Qh3 h6 24. Ne4 f6 25. exf6 Bxf6 26. Qxh6+ Kg8 27. Qxg6+ Qg7
28. Nxf6+ Rxf6 29. Qxg7+ Kxg7 30. Bd4 Kf7 31. Bxf6 Kxf6 32. Rd8 Ke7 33. Rh8 Kf7
34. Rxc8 1-0

[Event "7eme open international de La Fere"]
[Site "La Fere (FRA)"]
[Date "2008.07.10"]
[Round "7.26"]
[White "Thomas, Olivier"]
[Black "Eeckhout, Jean-Louis"]
[Result "1/2-1/2"]
[WhiteElo "2105"]
[BlackElo "1771"]
[PlyCount "192"]
[EventDate "2008.??.??"]

1. e4 c5 2. Nc3 d6 3. f4 Nd7 4. Nf3 a6 5. g3 Qc7 6. d3 e6 7. Bg2 Ngf6 8. O-O
Rb8 9. Qe2 b5 10. f5 h6 11. fxe6 fxe6 12. Nh4 Ne5 13. Bf4 h5 14. Bg5 Be7 15.
Nd1 Nfg4 16. Bxe7 Qxe7 17. h3 Nf6 18. Qd2 Nfd7 19. d4 cxd4 20. Qxd4 Nf6 21. Ne3
O-O 22. Rad1 Rd8 23. c4 bxc4 24. Nxc4 Nxc4 25. Qxc4 Kh7 26. Qc2 e5 27. Nf5 Bxf5
28. Rxf5 Qa7+ 29. Kh2 Qb6 30. b3 Rdc8 31. Qe2 Rc6 32. Rdf1 Rbc8 33. R1f2 Rc2
34. Qxc2 Rxc2 35. Rxc2 Qe3 36. Rc4 Qe2 37. Ra4 Kg6 38. Rf1 d5 39. exd5 Nxd5 40.
Kh1 Ne3 41. Rg1 Nxg2 42. Rxg2 Qf1+ 43. Kh2 Kf5 44. g4+ hxg4 45. Raxg4 Kf6 46.
Rg6+ Kf5 47. Rxg7 Ke4 48. R7g4+ Kd3 49. R2g3+ Kd2 50. Re4 Qf5 51. Rg2+ Kd3 52.
Rge2 Qxe4 53. Rxe4 Kxe4 54. h4 Kd3 55. h5 e4 56. h6 e3 57. h7 e2 58. h8=Q e1=Q
59. Qd8+ Kc2 60. Qc8+ Kb2 61. Qxa6 Qf2+ 62. Kh3 Qf3+ 63. Kh4 Qf4+ 64. Kh5 Qf7+
65. Kg5 Qg7+ 66. Kf5 Qh7+ 67. Ke5 Qh5+ 68. Kd4 Qg4+ 69. Kc5 Qf5+ 70. Kb4 Qf8+
71. Kb5 Qf5+ 72. Ka4 Qd7+ 73. Ka5 Qd5+ 74. Kb4 Qe4+ 75. Qc4 Qe7+ 76. Kb5 Qb7+
77. Kc5 Qe7+ 78. Kd5 Qf7+ 79. Ke4 Qg6+ 80. Ke3 Qg3+ 81. Ke2 Qg2+ 82. Ke1 Qg3+
83. Kd1 Qd6+ 84. Ke2 Qh2+ 85. Ke3 Qh3+ 86. Ke4 Qh7+ 87. Kd5 Qd7+ 88. Kc5 Qc7+
89. Kb4 Qb7+ 90. Ka5 Qa7+ 91. Qa6 Qc5+ 92. Qb5 Qa7+ 93. Qa6 Qc5+ 94. Qb5 Qa7+
95. Kb4 Qd4+ 96. Qc4 Qb6+ 1/2-1/2

[Event "7eme open international de La Fere"]
[Site "La Fere (FRA)"]
[Date "2008.07.10"]
[Round "7.29"]
[White "Ben Porat, Zeev"]
[Black "Soveaux, Jean"]
[Result "1/2-1/2"]
[WhiteElo "2008"]
[BlackElo "1660"]
[PlyCount "74"]
[EventDate "2008.??.??"]

1. e4 e5 2. Nc3 Nf6 3. Bc4 Nc6 4. d3 h6 5. Nge2 Bc5 6. Na4 Bb6 7. Nxb6 axb6 8.
a3 O-O 9. Nc3 Nd4 10. O-O c6 11. f4 d6 12. h3 Be6 13. Bxe6 fxe6 14. fxe5 dxe5
15. Be3 Qd7 16. Ne2 c5 17. Ng3 Qe8 18. Bxd4 cxd4 19. Qd2 Qg6 20. Rf3 h5 21.
Raf1 h4 22. Ne2 Rf7 23. g4 Nxg4 24. Nf4 Rxf4 25. Rxf4 exf4 26. hxg4 Qxg4+ 27.
Qg2 Qxg2+ 28. Kxg2 g5 29. Kh3 Kg7 30. e5 Kg6 31. Kg4 Ra5 32. Re1 Rc5 33. Re2
Rc8 34. Rf2 Rc5 35. Re2 Rc7 36. Rf2 Rc6 37. Rh2 Rc5 1/2-1/2

[Event "7eme open international de La Fere"]
[Site "La Fere (FRA)"]
[Date "2008.07.10"]
[Round "7.30"]
[White "Gobeaut, Benjamin"]
[Black "Waquet, Frederic"]
[Result "0-1"]
[WhiteElo "1732"]
[BlackElo "2004"]
[PlyCount "74"]
[EventDate "2008.??.??"]

1. d4 Nf6 2. Nf3 c5 3. d5 b5 4. b3 Qa5+ 5. Bd2 Qb6 6. c4 b4 7. Qc2 g6 8. a4 Bg7
9. Ra2 d6 10. e3 Ne4 11. Bd3 Nxd2 12. Nbxd2 Nd7 13. h4 Ne5 14. Nxe5 Bxe5 15.
Ne4 Bf5 16. Qe2 h6 17. h5 O-O-O 18. g4 Bd7 19. hxg6 fxg6 20. f4 Bg7 21. Ng3
Bc3+ 22. Kd1 h5 23. gxh5 gxh5 24. Rxh5 Rxh5 25. Nxh5 Rg8 26. f5 Rg1+ 27. Kc2
Qd8 28. Be4 Qh8 29. Nf4 Bb2 30. Qd2 Rc1+ 31. Kd3 Rc3+ 32. Ke2 Qh2+ 33. Ng2 Bc1
34. Qd1 Rxe3+ 35. Kf2 Qg3+ 36. Kf1 Rxe4 37. Qxc1 Bxf5 0-1

[Event "7eme open international de La Fere"]
[Site "La Fere (FRA)"]
[Date "2008.07.10"]
[Round "7.32"]
[White "Ringoir, Guy"]
[Black "Ben Porat, Tal"]
[Result "1-0"]
[WhiteElo "1944"]
[BlackElo "1659"]
[PlyCount "51"]
[EventDate "2008.??.??"]

1. e4 e6 2. d4 d5 3. Nd2 c5 4. exd5 Qxd5 5. Ngf3 cxd4 6. Bc4 Qd6 7. O-O Nf6 8.
Nb3 Nc6 9. Nbxd4 Nxd4 10. Nxd4 a6 11. Re1 Qc7 12. Bb3 Bd6 13. h3 O-O 14. Bg5
Be7 15. Qe2 Nd5 16. Bxe7 Nxe7 17. Rad1 Bd7 18. Bxe6 fxe6 19. Nxe6 Bxe6 20.
Qxe6+ Rf7 21. Rd7 Qxc2 22. Rxe7 Qxf2+ 23. Kh1 Rb8 24. Qd5 h6 25. Rd1 Kf8 26.
Rxf7+ 1-0

[Event "7eme open international de La Fere"]
[Site "La Fere (FRA)"]
[Date "2008.07.10"]
[Round "7.31"]
[White "Tenot, Fabrice"]
[Black "Molet, Asher"]
[Result "0-1"]
[WhiteElo "1760"]
[BlackElo "1950"]
[PlyCount "52"]
[EventDate "2008.??.??"]

1. Nf3 d5 2. g3 Nf6 3. c4 e6 4. Bg2 c5 5. cxd5 exd5 6. d4 Be7 7. dxc5 Na6 8.
O-O O-O 9. Bf4 Nxc5 10. Nd4 Ne6 11. Bc1 Ne4 12. b3 N6g5 13. Bxg5 Bxg5 14. Na3
Qa5 15. Nac2 Bd7 16. Qd3 Rfe8 17. Rfd1 Rac8 18. b4 Qb6 19. Qf3 Nc3 20. Rd3 Ne4
21. a4 Bf6 22. Raa3 Bxd4 23. Nxd4 Rc1+ 24. Bf1 Bh3 25. Qg2 Bxg2 26. Kxg2 Qxb4
0-1

[Event "7eme open international de La Fere"]
[Site "La Fere (FRA)"]
[Date "2008.07.10"]
[Round "7.33"]
[White "Lepere, Corentin"]
[Black "Feryn, Benjamin"]
[Result "0-1"]
[WhiteElo "1640"]
[BlackElo "1918"]
[PlyCount "48"]
[EventDate "2008.??.??"]

1. c4 Nf6 2. g3 g6 3. Nc3 Bg7 4. Bg2 O-O 5. Nf3 c5 6. O-O d6 7. d3 Nc6 8. Rb1
e6 9. Bf4 a6 10. e4 h6 11. a3 Qe7 12. Qc1 g5 13. Bd2 Nd7 14. Re1 Nde5 15. Qc2
Nxf3+ 16. Bxf3 Nd4 17. Qd1 b5 18. Bg2 Bb7 19. Ne2 f5 20. exf5 Bf3 21. Kh1 Bxg2+
22. Kxg2 Qb7+ 23. Kh3 exf5 24. f3 Nxf3 0-1

[Event "7eme open international de La Fere"]
[Site "La Fere (FRA)"]
[Date "2008.07.10"]
[Round "7.34"]
[White "Marchal, Chantal"]
[Black "Vereggen, Lars"]
[Result "1-0"]
[WhiteElo "1878"]
[BlackElo "1616"]
[PlyCount "175"]
[EventDate "2008.??.??"]

1. e4 c5 2. Nf3 d6 3. c3 Nf6 4. Be2 Nc6 5. d4 Bg4 6. Nbd2 cxd4 7. cxd4 Qa5 8.
O-O Bxf3 9. Nxf3 e6 10. Bd2 Qb6 11. Be3 Qd8 12. d5 Nb8 13. Qa4+ Nbd7 14. dxe6
fxe6 15. Ng5 Qe7 16. Bc4 d5 17. exd5 exd5 18. Bd3 Qb4 19. Qxb4 Bxb4 20. a3 Bd6
21. Ne6 Ne5 22. Bb5+ Ke7 23. Nxg7 Nf3+ 24. Kh1 Ne5 25. Nf5+ Ke6 26. Nxd6 Kxd6
27. Bf4 Nh5 28. Bxe5+ Kxe5 29. Rfe1+ Kd6 30. Rad1 Nf6 31. f3 a6 32. Bd3 Raf8
33. b4 h5 34. Re2 h4 35. Bf5 Nh5 36. Bh3 Nf4 37. Re3 Rh6 38. Bg4 Rf7 39. Re8
Rff6 40. Kg1 Rh7 41. Rd8+ Kc7 42. Rc8+ Kd6 43. Re1 Rc7 44. Rxc7 Kxc7 45. Re7+
Kb8 46. g3 Ng6 47. Rd7 Ne5 48. Rxd5 Nxf3+ 49. Kg2 hxg3 50. Bxf3 gxh2 51. Rh5
Rd6 52. Rxh2 Rd2+ 53. Kg3 Rd3 54. Ra2 Kc7 55. Kf4 Rc3 56. Be4 b6 57. Rc2 Rxc2
58. Bxc2 Kd6 59. Ke4 Kc6 60. Ba4+ b5 61. Bd1 a5 62. Kd4 axb4 63. axb4 Kb6 64.
Kd5 Kb7 65. Kc5 Ka6 66. Kc6 Ka7 67. Kxb5 Kb7 68. Bf3+ Ka7 69. Kc6 Ka6 70. b5+
Ka7 71. b6+ Kb8 72. Kb5 Kc8 73. Ka6 Kb8 74. b7 Kc7 75. Ka7 Kd6 76. b8=Q+ Kc5
77. Qb6+ Kc4 78. Bd5+ Kc3 79. Qc5+ Kd3 80. Qc4+ Ke3 81. Qe4+ Kd2 82. Qf3 Kc1
83. Qe2 Kb1 84. Kb6 Kc1 85. Kb5 Kb1 86. Kb4 Kc1 87. Kb3 Kb1 88. Qb2# 1-0

[Event "7eme open international de La Fere"]
[Site "La Fere (FRA)"]
[Date "2008.07.10"]
[Round "7.35"]
[White "Gonzalez Garcia, Pierre-Emmanuel"]
[Black "Vandervorst, Marc"]
[Result "0-1"]
[WhiteElo "1643"]
[BlackElo "1877"]
[PlyCount "46"]
[EventDate "2008.??.??"]

1. b3 e5 2. Bb2 Nc6 3. e3 d5 4. Bb5 Bd6 5. Nf3 Bg4 6. h3 Bxf3 7. Qxf3 Nf6 8. c4
O-O 9. cxd5 Nb4 10. Na3 Nbxd5 11. O-O c6 12. Be2 Qd7 13. e4 Nb6 14. Rfd1 Qe7
15. Nc2 Rfe8 16. Ne3 g6 17. Ng4 Nxg4 18. Qxg4 Rad8 19. d4 exd4 20. Rxd4 c5 21.
Rd2 Bh2+ 22. Kxh2 Rxd2 23. Ba3 Qe5+ 0-1

[Event "7eme open international de La Fere"]
[Site "La Fere (FRA)"]
[Date "2008.07.10"]
[Round "7.36"]
[White "Dutel, Francois"]
[Black "Adelise, Theo"]
[Result "0-1"]
[WhiteElo "1871"]
[BlackElo "1600"]
[PlyCount "126"]
[EventDate "2008.??.??"]

1. d4 Nf6 2. c4 g6 3. Nc3 Bg7 4. e4 d6 5. f3 O-O 6. Be3 Nbd7 7. Qd2 e5 8. Nge2
Re8 9. h4 Nh5 10. g4 Nhf6 11. Bg5 exd4 12. Nxd4 c5 13. Nb3 Ne5 14. Be2 Be6 15.
Nd5 Bxd5 16. cxd5 a5 17. h5 a4 18. Nc1 Qa5 19. hxg6 Qxd2+ 20. Kxd2 fxg6 21. Nd3
Nc4+ 22. Kc2 a3 23. b3 Nb2 24. Nf4 Nxe4 25. Ne6 Ng3 26. Rhe1 Nxe2 27. Rxe2 Na4
28. Rae1 Nb6 29. Nxg7 Rxe2+ 30. Rxe2 Kxg7 31. Re7+ Kg8 32. Rxb7 Nxd5 33. Rd7
Nb4+ 34. Kb1 d5 35. Bd2 Rf8 36. Bxb4 cxb4 37. Rxd5 Rxf3 38. Rd4 Rf1+ 39. Kc2
Ra1 40. Rxb4 Rxa2+ 41. Kb1 Rb2+ 42. Ka1 Kg7 43. g5 Kf7 44. Rb7+ Ke6 45. Rxh7
Rxb3 46. Ra7 Rb5 47. Ka2 Rxg5 48. Kxa3 Re5 49. Kb2 g5 50. Kc3 Kf5 51. Kd3 Kg4
52. Ra4+ Kf3 53. Ra6 Rf5 54. Kd2 g4 55. Ke1 Kg2 56. Ra2+ Kg1 57. Ra6 Rf3 58.
Rg6 g3 59. Ke2 Rf2+ 60. Ke1 Rg2 61. Rg5 Kh1 62. Rh5+ Rh2 63. Rxh2+ Kxh2 0-1

[Event "7eme open international de La Fere"]
[Site "La Fere (FRA)"]
[Date "2008.07.10"]
[Round "7.37"]
[White "Delahaye, Marc"]
[Black "Harnik, Cecilien"]
[Result "0-1"]
[WhiteElo "1610"]
[BlackElo "1871"]
[PlyCount "89"]
[EventDate "2008.??.??"]

1. c4 Nf6 2. Nc3 g6 3. g3 Bg7 4. Bg2 O-O 5. e4 d6 6. Nge2 Nc6 7. O-O e5 8. d3
Be6 9. h3 Nd7 10. f4 f5 11. Nd5 Rb8 12. Nec3 Nd4 13. Kh2 c6 14. Ne3 exf4 15.
gxf4 b5 16. Rb1 b4 17. Ne2 c5 18. b3 Qh4 19. Nxd4 Bxd4 20. Nd5 Bxd5 21. cxd5
Nf6 22. Qf3 Ng4+ 23. Kh1 Nf2+ 24. Kh2 Rbe8 25. Rxf2 Bxf2 26. Rb2 Bd4 27. Re2
Re7 28. Qg3 Qxg3+ 29. Kxg3 h6 30. h4 Kg7 31. Kf3 a5 32. Bh1 a4 33. Bb2 Bxb2 34.
Rxb2 axb3 35. axb3 Ra7 36. Ke3 Rfa8 37. e5 Ra2 38. Re2 Rxe2+ 39. Kxe2 Ra3 40.
e6 Kf6 41. Kd2 Rxb3 42. Bf3 c4 43. Be2 Rb2+ 44. Kd1 c3 45. Bf3 0-1

[Event "7eme open international de La Fere"]
[Site "La Fere (FRA)"]
[Date "2008.07.10"]
[Round "7.38"]
[White "Caulier, Amaury"]
[Black "Poulain, Andre"]
[Result "1-0"]
[WhiteElo "1600"]
[BlackElo "1835"]
[PlyCount "75"]
[EventDate "2008.??.??"]

1. d4 Nf6 2. c4 e6 3. Nc3 Bb4 4. Bd2 O-O 5. Nf3 d5 6. e3 b6 7. cxd5 Bxc3 8.
Bxc3 Nxd5 9. Be2 Bb7 10. O-O Nd7 11. Rc1 c5 12. dxc5 Nxc3 13. Rxc3 Nxc5 14. b4
Qxd1 15. Rxd1 Ne4 16. Rc7 Bd5 17. Bc4 Nc3 18. Bxd5 Rad8 19. Rxc3 exd5 20. Rcd3
Rc8 21. Rxd5 Rc2 22. a3 h6 23. g3 Ra2 24. R5d3 Kh7 25. Nd4 a5 26. bxa5 bxa5 27.
Nc6 Rc8 28. Nxa5 Rcc2 29. Rf1 Kg6 30. h4 Kf5 31. Nb3 Rcb2 32. Kg2 f6 33. Nc1
Ra1 34. Rc3 Rbb1 35. Kf3 g5 36. g4+ Ke5 37. hxg5 hxg5 38. Nd3+ 1-0

[Event "7eme open international de La Fere"]
[Site "La Fere (FRA)"]
[Date "2008.07.10"]
[Round "7.39"]
[White "Lever, Erwan"]
[Black "Belloc, Sidonie"]
[Result "1-0"]
[WhiteElo "1536"]
[BlackElo "1804"]
[PlyCount "45"]
[EventDate "2008.??.??"]

1. d4 d5 2. Nf3 Nf6 3. Bf4 Bf5 4. e3 e6 5. c4 c6 6. Nc3 Be7 7. Be2 O-O 8. O-O
Nbd7 9. Qb3 b6 10. Rac1 Nh5 11. Bg3 Nxg3 12. fxg3 h6 13. Rfd1 Nf6 14. Ne5 Rc8
15. Qa4 Qc7 16. cxd5 c5 17. dxe6 Bxe6 18. Nb5 Qb7 19. Bf3 Bd5 20. Bxd5 Qxd5 21.
Qxa7 Rfe8 22. Nc7 Rxc7 23. Qxc7 1-0

[Event "7eme open international de La Fere"]
[Site "La Fere (FRA)"]
[Date "2008.07.10"]
[Round "7.40"]
[White "Houze, Victor"]
[Black "Vinckier, Delphine"]
[Result "0-1"]
[WhiteElo "1380"]
[BlackElo "1801"]
[PlyCount "76"]
[EventDate "2008.??.??"]

1. e4 e6 2. d4 d5 3. e5 c5 4. c3 Nc6 5. Nf3 Qb6 6. a3 c4 7. Nbd2 Bd7 8. b4 a5
9. Rb1 axb4 10. axb4 Na7 11. Be2 Nb5 12. Bb2 Ne7 13. O-O Ng6 14. g3 Be7 15. Re1
O-O 16. Bf1 Ra2 17. Qc2 Na3 18. Qc1 Nxb1 19. Qxb1 Rfa8 20. Bg2 Qb5 21. h4 h5
22. Kh2 R8a6 23. Ng5 Bxb4 24. cxb4 Qxb4 25. Nxc4 dxc4 26. d5 Rxb2 27. dxe6 Bxe6
28. Qd1 Qd2 29. Qxd2 Rxd2 30. Bxb7 Rxf2+ 31. Bg2 Raa2 32. Rg1 Bd5 33. Ne4 Bxe4
34. e6 fxe6 35. g4 Bxg2 36. g5 Bd5+ 37. Kh3 Rf3+ 38. Rg3 Nf4# 0-1

[Event "7eme open international de La Fere"]
[Site "La Fere (FRA)"]
[Date "2008.07.10"]
[Round "7.41"]
[White "Pavillon, Guillaume"]
[Black "Fauchart, Francois"]
[Result "1-0"]
[WhiteElo "1797"]
[BlackElo "1580"]
[PlyCount "93"]
[EventDate "2008.??.??"]

1. c4 c5 2. Nc3 e5 3. g3 Nf6 4. Nf3 Nc6 5. d3 Be7 6. Bg2 O-O 7. O-O d6 8. Rb1
Rb8 9. a3 a5 10. Bd2 b6 11. Nd5 Nxd5 12. cxd5 Na7 13. b4 cxb4 14. axb4 axb4 15.
Rxb4 Bb7 16. Qb3 Nc8 17. Be3 Ba8 18. Nd2 Qd7 19. Nc4 Bd8 20. Rc1 b5 21. Na3 f5
22. Rxb5 Rxb5 23. Qxb5 Qxb5 24. Nxb5 Bb7 25. Nc7 Bxc7 26. Rxc7 Rf7 27. Rxf7
Kxf7 28. Bd2 h6 29. f4 exf4 30. Bxf4 g5 31. Bd2 Kg6 32. Kf2 Ne7 33. e4 fxe4 34.
dxe4 g4 35. Ke3 h5 36. Kd4 Kf7 37. Bb4 Nc8 38. Bf1 Kf6 39. Bxd6 Ne7 40. Bxe7+
Kxe7 41. e5 Bc8 42. Bd3 Kf7 43. Kc5 Ke7 44. Bg6 Kd8 45. Bxh5 Bf5 46. Kd6 Bc8
47. e6 1-0

[Event "7eme open international de La Fere"]
[Site "La Fere (FRA)"]
[Date "2008.07.10"]
[Round "7.42"]
[White "Durot, Edwige"]
[Black "Bedu, Jean-Pierre"]
[Result "1-0"]
[WhiteElo "1793"]
[BlackElo "1560"]
[PlyCount "39"]
[EventDate "2008.??.??"]

1. e4 c6 2. d4 d5 3. Nd2 dxe4 4. Nxe4 Bf5 5. Ng3 Bg6 6. f4 e6 7. Nf3 Nd7 8. Bd3
Bxd3 9. Qxd3 Ne7 10. c3 g6 11. Ne4 Qc7 12. Ne5 Bg7 13. Be3 Nxe5 14. dxe5 Nd5
15. Nd6+ Ke7 16. Bc5 Qb8 17. Nf5+ Kd8 18. Nxg7 Kc8 19. O-O-O Nxf4 20. Qd7# 1-0

[Event "7eme open international de La Fere"]
[Site "La Fere (FRA)"]
[Date "2008.07.10"]
[Round "7.43"]
[White "Christophe, Jean-Francois"]
[Black "Honore, Adrien"]
[Result "1-0"]
[WhiteElo "1780"]
[BlackElo "1290"]
[PlyCount "47"]
[EventDate "2008.??.??"]

1. d4 d5 2. c4 e6 3. Nc3 Nf6 4. Bf4 Bb4 5. e3 O-O 6. Nf3 Bd7 7. Be2 Nc6 8. O-O
b6 9. cxd5 exd5 10. Ba6 Bc8 11. Bd3 Na5 12. Nb5 Ba6 13. Nxc7 Bxd3 14. Qxd3 Qxc7
15. Bxc7 Rac8 16. Bf4 Ne4 17. a3 Bd6 18. Bxd6 Nxd6 19. Rac1 Rxc1 20. Rxc1 Nac4
21. b4 Rc8 22. h3 Ne4 23. Ne5 h6 24. Nxc4 1-0

[Event "7eme open international de La Fere"]
[Site "La Fere (FRA)"]
[Date "2008.07.10"]
[Round "7.44"]
[White "Decotte, Guy"]
[Black "Boudier, Eric"]
[Result "0-1"]
[WhiteElo "1320"]
[BlackElo "1898"]
[PlyCount "52"]
[EventDate "2008.??.??"]

1. d4 d5 2. Nf3 c6 3. e3 Nf6 4. Bd3 Bg4 5. h3 Bh5 6. g4 Bg6 7. Ne5 e6 8. a3 Ne4
9. Qe2 Nd7 10. Nxg6 hxg6 11. Nc3 Ndf6 12. Qf3 Ng5 13. Qg2 Bd6 14. Bd2 Qe7 15.
O-O-O b5 16. Nb1 b4 17. Bxb4 Bxb4 18. axb4 Qxb4 19. b3 a5 20. f4 Nge4 21. Bxe4
Nxe4 22. Qe2 a4 23. Kb2 O-O 24. Qd3 Rfb8 25. Nd2 axb3 26. cxb3 Qa3+ 0-1

[Event "7eme open international de La Fere"]
[Site "La Fere (FRA)"]
[Date "2008.07.10"]
[Round "7.45"]
[White "Cozette, Michael"]
[Black "Rigolot, Lucie"]
[Result "1-0"]
[WhiteElo "2026"]
[BlackElo "1709"]
[PlyCount "57"]
[EventDate "2008.??.??"]

1. e4 c5 2. c3 d5 3. exd5 Qxd5 4. d4 g6 5. Nf3 Bg7 6. Na3 cxd4 7. cxd4 Nh6 8.
Bc4 Qe4+ 9. Be3 O-O 10. O-O Ng4 11. Bg5 e6 12. Re1 Qc6 13. Be7 Qc7 14. Bxf8
Bxf8 15. Rc1 Qb6 16. Ng5 Nf6 17. d5 Bc5 18. Qf3 Kg7 19. dxe6 Qxb2 20. Nb5 Qd2
21. Qxf6+ Kxf6 22. Ne4+ Kg7 23. Nxd2 Na6 24. Ne4 Be7 25. Ned6 Bxd6 26. Nxd6
fxe6 27. Bxa6 bxa6 28. Rxc8 Rxc8 29. Nxc8 1-0

[Event "7eme open international de La Fere"]
[Site "La Fere (FRA)"]
[Date "2008.07.10"]
[Round "7.46"]
[White "Brelot, Loic"]
[Black "Barbry, Quentin"]
[Result "1/2-1/2"]
[WhiteElo "1848"]
[BlackElo "1700"]
[PlyCount "64"]
[EventDate "2008.??.??"]

1. d4 Nf6 2. g3 g6 3. Bg2 Bg7 4. Nf3 O-O 5. O-O d5 6. Nbd2 Bg4 7. c3 Nc6 8. Qb3
Rb8 9. Re1 e6 10. h3 Bf5 11. a4 h5 12. Ng5 e5 13. dxe5 Nxe5 14. Ndf3 Nxf3+ 15.
Bxf3 Qd7 16. Bg2 c6 17. Bf4 Rbd8 18. Rad1 Qe7 19. a5 Rd7 20. Qa4 Rc8 21. Nf3
Ne4 22. Nd4 Qc5 23. Be3 Bxd4 24. Qxd4 Qxd4 25. Rxd4 a6 26. Red1 Rcd8 27. h4 Re8
28. Bxe4 Bxe4 29. Rb4 Bf5 30. Rb6 Re4 31. Rd4 Bg4 32. Kf1 Rxd4 1/2-1/2

[Event "7eme open international de La Fere"]
[Site "La Fere (FRA)"]
[Date "2008.07.10"]
[Round "7.47"]
[White "Marchal, Roger"]
[Black "Casier, Fabrice"]
[Result "1/2-1/2"]
[WhiteElo "1698"]
[BlackElo "1831"]
[PlyCount "47"]
[EventDate "2008.??.??"]

1. c4 c5 2. g3 Nf6 3. Bg2 d5 4. cxd5 Nxd5 5. Nc3 Nc7 6. Nf3 Nc6 7. O-O e5 8. d3
Be7 9. Be3 O-O 10. Ne4 Ne6 11. Rc1 Qb6 12. Qd2 Ned4 13. Nc3 f6 14. Nd5 Qd8 15.
Nxe7+ Qxe7 16. Bxd4 cxd4 17. a3 Be6 18. b4 Qd7 19. Qb2 Rac8 20. Rc2 Ne7 21.
Rfc1 Nd5 22. Nd2 Nc3 23. Ne4 Nxe4 24. Bxe4 1/2-1/2

[Event "7eme open international de La Fere"]
[Site "La Fere (FRA)"]
[Date "2008.07.10"]
[Round "7.48"]
[White "Godart, Michel"]
[Black "Vernede, Victor"]
[Result "1-0"]
[WhiteElo "1820"]
[BlackElo "1700"]
[PlyCount "73"]
[EventDate "2008.??.??"]

1. c4 e6 2. g3 Nf6 3. Bg2 d5 4. Nf3 c5 5. O-O Nc6 6. b3 Be7 7. Bb2 O-O 8. e3 b6
9. Nc3 Bb7 10. cxd5 Nxd5 11. Nxd5 exd5 12. d4 c4 13. bxc4 dxc4 14. Qa4 Na5 15.
Nd2 Bxg2 16. Kxg2 a6 17. Bc3 Qd5+ 18. e4 Qb5 19. Qc2 Rfc8 20. Rab1 Qc6 21. Qb2
Rab8 22. Rfc1 Qa4 23. Qc2 Qxc2 24. Rxc2 h6 25. Bxa5 bxa5 26. Rxb8 Rxb8 27. Nxc4
Bb4 28. Ne3 Rd8 29. d5 f6 30. Rc6 Rd6 31. Rxd6 Bxd6 32. Nc4 Bc7 33. a4 Kf7 34.
f4 Ke8 35. Kf3 Kd7 36. e5 fxe5 37. fxe5 1-0

[Event "7eme open international de La Fere"]
[Site "La Fere (FRA)"]
[Date "2008.07.10"]
[Round "7.49"]
[White "Regniez, Alexiane"]
[Black "Coquelle, Gilbert"]
[Result "1/2-1/2"]
[WhiteElo "1670"]
[BlackElo "1780"]
[PlyCount "50"]
[EventDate "2008.??.??"]

1. c4 e5 2. g3 Nf6 3. Bg2 c6 4. Nc3 Be7 5. Nf3 d6 6. d4 exd4 7. Qxd4 O-O 8. O-O
h6 9. Bf4 Be6 10. b3 d5 11. cxd5 Nxd5 12. Rad1 Nxf4 13. Qxf4 Qa5 14. Qd2 Bb4
15. Rc1 Rd8 16. Qc2 Bxc3 17. Qxc3 Qxa2 18. Rfd1 Na6 19. Nd4 Qa3 20. Nxe6 fxe6
21. Bh3 Qe7 22. Rxd8+ Rxd8 23. Qe3 Nc7 24. Qxa7 Nb5 25. Qe3 Rd6 1/2-1/2

[Event "7eme open international de La Fere"]
[Site "La Fere (FRA)"]
[Date "2008.07.10"]
[Round "7.50"]
[White "Christophe, Lucie"]
[Black "Gaubert, Virginie"]
[Result "1/2-1/2"]
[WhiteElo "1760"]
[BlackElo "1550"]
[PlyCount "60"]
[EventDate "2008.??.??"]

1. d4 Nf6 2. Bf4 e6 3. Nf3 c5 4. c3 b6 5. e3 Bb7 6. Nbd2 Be7 7. Bd3 O-O 8. h3
d6 9. Qc2 h6 10. O-O Nbd7 11. Rfe1 Rc8 12. Rad1 a6 13. Qb1 b5 14. e4 cxd4 15.
cxd4 Ne8 16. Rc1 f6 17. Nf1 e5 18. Be3 Nc7 19. Ng3 Ne6 20. Rxc8 Qxc8 21. Qc1
Qxc1 22. Rxc1 Rc8 23. Nf5 Rxc1+ 24. Bxc1 Kf7 25. Kf1 d5 26. exd5 Bxd5 27. Nxe7
Kxe7 28. dxe5 Nxe5 29. Nxe5 fxe5 30. b3 Nc5 1/2-1/2

[Event "7eme open international de La Fere"]
[Site "La Fere (FRA)"]
[Date "2008.07.10"]
[Round "7.51"]
[White "Lapersonne, Patrick"]
[Black "Brobecker, Alain"]
[Result "0-1"]
[WhiteElo "1600"]
[BlackElo "1758"]
[PlyCount "84"]
[EventDate "2008.??.??"]

1. c4 g6 2. Nc3 Bg7 3. d4 d6 4. Nf3 Nf6 5. Bg5 c5 6. dxc5 Qa5 7. Qa4+ Qxa4 8.
Nxa4 Bd7 9. Nc3 dxc5 10. e3 Bc6 11. Be2 Nbd7 12. O-O h6 13. Bf4 Nh5 14. Nd5
Bxd5 15. cxd5 Nxf4 16. exf4 Nb6 17. Bb5+ Kf8 18. Rac1 Rc8 19. Rfd1 a6 20. Be2
Bxb2 21. Rc2 Bf6 22. d6 Nd7 23. Ne5 Bxe5 24. fxe5 b5 25. f4 c4 26. Bg4 e6 27.
Bf3 Rb8 28. Bc6 Ke8 29. a4 Rb6 30. axb5 axb5 31. Ra1 Kd8 32. Bxd7 Kxd7 33. Ra7+
Kc8 34. d7+ Kb8 35. Ra1 Rd8 36. Rb1 Kc7 37. Rd1 Rxd7 38. Rxd7+ Kxd7 39. Kf2 Kc6
40. Ke3 Kc5 41. Kd2 b4 42. Kc1 b3 0-1

[Event "7eme open international de La Fere"]
[Site "La Fere (FRA)"]
[Date "2008.07.11"]
[Round "8.1"]
[White "Gozzoli, Yannick"]
[Black "Abbasov, Farid"]
[Result "1/2-1/2"]
[WhiteElo "2502"]
[BlackElo "2552"]
[PlyCount "77"]
[EventDate "2008.??.??"]

1. d4 g6 2. c4 Bg7 3. Nc3 d6 4. e4 e5 5. Nf3 Nc6 6. Bg5 f6 7. Be3 Nh6 8. dxe5
dxe5 9. Qxd8+ Kxd8 10. O-O-O+ Bd7 11. h3 Kc8 12. Na4 Bf8 13. Nc5 Bxc5 14. Bxc5
Nf7 15. Be3 Be6 16. b3 a5 17. a3 Rd8 18. Rxd8+ Kxd8 19. Kc2 Ke8 20. c5 Ke7 21.
Bb5 Nb8 22. Nd2 c6 23. Be2 a4 24. b4 Na6 25. b5 cxb5 26. Bxb5 Nc7 27. Bd3 Bd7
28. Rb1 Bc6 29. Rb4 Nd8 30. Nc4 Nde6 31. Nd6 Rb8 32. g3 Ne8 33. Nc4 Ra8 34. f4
exf4 35. gxf4 N6c7 36. Nb6 Ra5 37. Nc4 Ra8 38. Nb6 Ra5 39. Nc4 1/2-1/2

[Event "7eme open international de La Fere"]
[Site "La Fere (FRA)"]
[Date "2008.07.11"]
[Round "8.3"]
[White "Riff, Jean-Noel"]
[Black "Degraeve, Jean-Marc"]
[Result "1/2-1/2"]
[WhiteElo "2481"]
[BlackElo "2523"]
[PlyCount "55"]
[EventDate "2008.??.??"]

1. e4 e6 2. d4 d5 3. Nc3 dxe4 4. Nxe4 Nd7 5. Nf3 Ngf6 6. Nxf6+ Nxf6 7. c3 c5 8.
Ne5 a6 9. Be3 Qc7 10. Qa4+ Nd7 11. Bb5 cxd4 12. Bxd7+ Bxd7 13. Qxd4 f6 14.
Qxd7+ Qxd7 15. Nxd7 Kxd7 16. O-O-O+ Kc7 17. a4 a5 18. Rd4 Ra6 19. Rhd1 Rd6 20.
Rxd6 Bxd6 21. Bb6+ Kc6 22. Bxa5 Ra8 23. b4 Be5 24. f4 Bxf4+ 25. Kb2 b6 26. b5+
Kc7 27. Bb4 Bxh2 28. Kb3 1/2-1/2